Pekeliling kemajuan pentadbiran awam dan profil perkhidmatan awam Malaysia / (Record no. 163)
[ view plain ]
| 000 -LEADER | |
|---|---|
| fixed length control field | nam a22 a 4500 |
| 005 - DATE AND TIME OF LATEST TRANSACTION | |
| control field | 20170421162928.0 |
| 008 - FIXED-LENGTH DATA ELEMENTS--GENERAL INFORMATION | |
| fixed length control field | 170421s2012 my ||||| |||| 00| 0 eng d |
| 020 ## - INTERNATIONAL STANDARD BOOK NUMBER | |
| International Standard Book Number | 9677014056 |
| 040 ## - CATALOGING SOURCE | |
| Original cataloging agency | AKMAL |
| 082 ## - DEWEY DECIMAL CLASSIFICATION NUMBER | |
| Classification number | 351.595 MAL |
| 090 ## - LOCALLY ASSIGNED LC-TYPE CALL NUMBER (OCLC); LOCAL CALL NUMBER (RLIN) | |
| Classification number (OCLC) (R) ; Classification number, CALL (RLIN) (NR) | 351.595 |
| Local cutter number (OCLC) ; Book number/undivided call number, CALL (RLIN) | MAL |
| 110 ## - MAIN ENTRY--CORPORATE NAME | |
| Corporate name or jurisdiction name as entry element | Malaysia |
| 9 (RLIN) | 400 |
| 245 10 - TITLE STATEMENT | |
| Title | Pekeliling kemajuan pentadbiran awam dan profil perkhidmatan awam Malaysia / |
| Statement of responsibility, etc. | disusun semula oleh Penasihat Undang-Undang MDC |
| 250 ## - EDITION STATEMENT | |
| Edition statement | Ed. 2012 |
| 260 ## - PUBLICATION, DISTRIBUTION, ETC. | |
| Place of publication, distribution, etc. | Kuala Lumpur : |
| Name of publisher, distributor, etc. | MDC Publishers, |
| Date of publication, distribution, etc. | 2012 |
| 300 ## - PHYSICAL DESCRIPTION | |
| Extent | 682ms. |
| Dimensions | 26cm |
| 500 ## - GENERAL NOTE | |
| General note | Kepala judul kulit depan: Buku panduan untuk peperiksaan am kerajaan |
| 500 ## - GENERAL NOTE | |
| General note | Cetakan Kedua puluh 2012 |
| 650 10 - SUBJECT ADDED ENTRY--TOPICAL TERM | |
| Topical term or geographic name entry element | Office practice in government |
| Form subdivision | Handbooks, manuals, etc |
| Geographic subdivision | Malaysia |
| 9 (RLIN) | 401 |
| 650 20 - SUBJECT ADDED ENTRY--TOPICAL TERM | |
| Topical term or geographic name entry element | Civil service ethics |
| Form subdivision | Handbooks, manuals, etc. |
| Geographic subdivision | Malaysia. |
| 9 (RLIN) | 402 |
| 710 2# - ADDED ENTRY--CORPORATE NAME | |
| Corporate name or jurisdiction name as entry element | Penasihat Undang-Undang MDC |
| 9 (RLIN) | 405 |
| 942 ## - ADDED ENTRY ELEMENTS (KOHA) | |
| Source of classification or shelving scheme | |
| Koha item type | Book |
| 950 ## - LOCAL HOLDINGS (RLIN) | |
| Permanent shelving location, LOC (RLIN) | AKMAL |
| Withdrawn status | Lost status | Source of classification or shelving scheme | Damaged status | Not for loan | Collection code | Home library | Current library | Shelving location | Date acquired | Inventory number | Total Checkouts | Full call number | Barcode | Date last seen | Price effective from | Koha item type | Date last checked out |
|---|---|---|---|---|---|---|---|---|---|---|---|---|---|---|---|---|---|
| NON-FICTION | AKMAL Melaka | AKMAL Melaka | PINJAMAN | 21.04.2017 | 306074 | 351.595 MAL | 201700346 | 21.04.2017 | 21.04.2017 | Book | |||||||
| NON-FICTION | AKMAL Melaka | AKMAL Melaka | PINJAMAN | 21.04.2017 | 306075 | 1 | 351.595 MAL | 201700344 | 05.07.2017 | 21.04.2017 | Book | 09.06.2017 | |||||
| NON-FICTION | AKMAL Melaka | AKMAL Melaka | PINJAMAN | 21.04.2017 | 306076 | 351.595 MAL | 201700350 | 21.04.2017 | 21.04.2017 | Book | |||||||
| NON-FICTION | AKMAL Melaka | AKMAL Melaka | PINJAMAN | 21.04.2017 | 306077 | 351.595 MAL | 201700359 | 21.04.2017 | 21.04.2017 | Book | |||||||
| NON-FICTION | AKMAL Melaka | AKMAL Melaka | PINJAMAN | 21.04.2017 | 351.595 MAL | 201700334 | 21.04.2017 | 21.04.2017 | Book |
